Caricamento...

The essential Dalai Lama: his important teachings

Dettagli Bibliografici
Autore principale: Rajiv Mehrotra; Editor
Natura: Printed Book
Pubblicazione: New Delhi, Penguin Books India(P) Ltd Ne 2005
Soggetti:
LEADER 006880000a22002170004500
020 |a 0-14-310130-7 
082 |a 923.1 DAL P5 
100 |a Rajiv Mehrotra; Editor 
245 |a The essential Dalai Lama: his important teachings 
250
260 |a New Delhi, Penguin Books India(P) Ltd Ne 
260 |c 2005 
460 |a xiv,258p 
465 |a Rs.250.00 
500 |a ed by Rajiv Mehrotra 
650 |a Dalai Lama-Biography 
650 |a Dalai Lama-Teachings 
650 |a Gyatso, Tenzin-Biography 
942 |c BK 
999 |c 38808  |d 38808 
952 |0 0  |1 0  |4 0  |6 923_100000000000000_DAL_P5  |7 0  |8 ENG  |9 39335  |a MGUL  |b MGUL  |d 2013-07-16  |e Rs.250.00  |l 0  |o 923.1 DAL P5  |p 37654  |r 2013-07-16  |w 2013-07-16  |y BK